| 000 | 00804nam a2200241 i 4500 | ||
|---|---|---|---|
| 001 | 125082 | ||
| 003 | ES-MaACL | ||
| 005 | 20230906192540.0 | ||
| 007 | t| | ||
| 008 | 070503s1935 sp ||||1| spa d | ||
| 080 | _a860-22"19" | ||
| 100 | 1 |
_aQuintero, Antonio. _994718 |
|
| 245 | 1 | 0 |
_aMayo y abril _b: comedia en tres actos / _cAntonio Quintero y Pascual Guillén ; dibujos de Antonio Merlo. |
| 260 |
_aMadrid : _bRivadeneyra, _c1935. |
||
| 300 |
_a77 p. : _bil. ; _c17 cm. |
||
| 490 | 1 |
_aLa Farsa ; _v391 |
|
| 500 | _aEstrenada en el Teatro María Isabel de Madrid la noche del 2 de mayo de 1934. | ||
| 700 | 1 |
_aGuillén Aznar, Pascual. _960778 |
|
| 700 | 1 |
_aMerlo, Antonio. _980579 |
|
| 830 | 0 |
_aLa Farsa ; _v391 _9185863 |
|
| 852 |
_aES-MaACL _j2223-F-14 _bR.140747 |
||
| 999 |
_c125082 _d125082 |
||